000 00206nam a2200109Ia 4500
100 _a#N/A
942 _cBK
654 _arole of ethics
245 _aEthics in Business
260 _b#N/A
546 _aENGLISH
999 _c34314
_d34314